[Event "13th EICC"]
[Site "Plovdiv BUL"]
[Date "2012.03.30"]
[Round "10.43"]
[White "Mchedlishvili,M"]
[Black "Rapport,R"]
[Result "1-0"]
[WhiteElo "2626"]
[BlackElo "2559"]

1.Nf3 Nf6 2.d4 g6 3.c4 Bg7 4.Nc3 O-O 5.e4 d6 6.Be2 e5 7.O-O Nc6 8.d5 Ne7
9.Ne1 Ne8 10.Be3 f5 11.f3 f4 12.Bf2 h5 13.c5 g5 14.Rc1 Ng6 15.cxd6 cxd6 16.a4 Bh6
17.Nd3 Bd7 18.Nb5 a6 19.Na3 Rb8 20.Rc3 Rf7 21.Kh1 Rg7 22.Ne1 Nh8 23.g3 Ng6
24.Ng2 Bh3 25.Rg1 Nf6 26.Nc4 g4 27.gxf4 Bxg2+ 28.Rxg2 Nxf4 29.Bb6 Qd7 30.Rg1 Kh8
31.Bf1 Rbg8 32.Ne3 gxf3 33.Rxg7 Qxg7 34.Nf5 Qg6 35.Ne7 Qxe4 36.Nxg8 Kxg8
37.Qxf3 Qxa4 38.Rc8+ Kf7 39.Rc7+ Kg6 40.Be3 Qa1 41.Bxf4 Bxf4 42.Qg2+ Kf5
43.Rg7 Ng4 44.h3 Kf6 45.Rd7 Qe1 46.hxg4 hxg4 47.Rh7 Qd1 48.Qe2 Qxd5+ 49.Bg2 Qc5
50.Bxb7 d5 51.Kg2  1-0

[Event "13th EICC"]
[Site "Plovdiv BUL"]
[Date "2012.03.31"]
[Round "11.97"]
[White "Pacher,M"]
[Black "Nedev,Tr"]
[Result "1/2-1/2"]
[WhiteElo "2402"]
[BlackElo "2492"]

1.d4 Nf6 2.c4 g6 3.Nc3 Bg7 4.e4 d6 5.Nf3 O-O 6.Be2 e5 7.O-O Nc6 8.d5 Ne7
9.b4 Nh5 10.Re1 f5 11.Ng5 Nf6 12.Bf3 c6 13.Bb2 cxd5 14.cxd5 Qb6 15.Qb3 h6
16.Ne6 Bxe6 17.dxe6 fxe4 18.Nxe4 Nxe4 19.Rxe4 d5 20.Rxe5 Bxe5 21.Bxe5 Qxe6
22.Bb2 Rad8 23.Rd1 Kh7 24.h4 h5 25.b5 Rd7 26.a4 Rfd8 27.Bc1 Ng8 28.Bg5 Nf6
29.Rd4 Qe1+ 30.Kh2 Qe5+ 31.Rf4 Rf8 32.g3 Rdf7 33.Qb4 b6 34.Kg2 Nd7 35.Qd2 Rf5
36.Bd1 Rxf4 37.Bxf4 Qe6 38.Bf3 Nf6 39.a5 Ne4 40.Qa2 Rd8 41.axb6 axb6 42.Qa7+ Rd7
43.Qb8 Nf6 44.Qf8 Ng8 45.Qc8 Nf6 46.Be3 Qd6 47.Bd4 Rd8 48.Qa6 Nd7 49.Qb7 Rb8
50.Qa7 Rd8 51.Qb7 Rb8 52.Qa7 Rd8 53.Qb7  1/2-1/2

[Event "TCh-CZE Liga 1 Zapad"]
[Site "Czech Rep CZE"]
[Date "2012.04.01"]
[Round "11.7"]
[White "Urban,Z"]
[Black "Wolf,Vi"]
[Result "1-0"]
[WhiteElo "2176"]
[BlackElo "2029"]

1.d4 Nf6 2.c4 g6 3.Nc3 Bg7 4.e4 d6 5.Nf3 O-O 6.Be2 e5 7.O-O Nc6 8.d5 Ne7
9.Ne1 Nd7 10.Nd3 f5 11.f3 a5 12.Be3 f4 13.Bf2 g5 14.c5 Nf6 15.Rc1 h5 16.h3 Kf7
17.Nb5 Ne8 18.cxd6 cxd6 19.Nc7 Nxc7 20.Bb6 Ra6 21.Bxc7 Qd7 22.a4 Bf6 23.Qb3 Ng6
24.Ne1 Ra8 25.Bb5 Qe7 26.Qa3 Rd8 27.Rf2 g4 28.Rfc2 gxh3 29.Bxd8 Qxd8 30.Rc7+ Ne7
31.R1c2 Bh4 32.Nd3 hxg2 33.Qb3 Kf6 34.Qc3 Bg3 35.Rxg2 Ng6 36.Rxg3 fxg3 37.f4 h4
38.f5 h3 39.fxg6 h2+ 40.Kh1 Kxg6 41.Nxe5+  1-0

[Event "European Senior Teams 2012"]
[Site "Rogaska Slatina SLO"]
[Date "2012.04.01"]
[Round "6.23"]
[White "Ohrn,S"]
[Black "Laitinen,Ma"]
[Result "1-0"]
[WhiteElo "1997"]
[BlackElo "1808"]

1.d4 Nf6 2.Nf3 g6 3.c4 Bg7 4.Nc3 d6 5.e4 O-O 6.Be2 e5 7.O-O Nc6 8.d5 Ne7
9.Ne1 Nd7 10.Nd3 f5 11.Bd2 f4 12.Bg4 Nf6 13.Bxc8 Rxc8 14.c5 g5 15.f3 h5 16.Qb3 b6
17.c6 Kh8 18.a4 a5 19.Qd1 Ng6 20.Be1 g4 21.b4 Rg8 22.bxa5 bxa5 23.Kh1 Bh6
24.Ne2 Qe7 25.Bxa5 Nh4 26.Ne1 Qg7 27.Ng1 Qg5 28.Ra2 Rg7 29.Qe2 Ng6 30.Nd3 Rcg8
31.Be1 Nh4 32.Bxh4 Qxh4 33.Ne1 Qg5 34.a5 h4 35.fxg4 Nxg4 36.Nef3 Qf6 37.a6 Ne3
38.Rf2 Ng4 39.Rf1 Ne3 40.a7 Ra8 41.Rb1 Rgg8 42.Qa6 Rgc8 43.Qxc8+ Rxc8 44.Rb8 Qd8
45.Rxc8 Qxc8 46.a8=Q Qxa8 47.Rxa8+ Kg7 48.Rc8 Ng4 49.Rxc7+ Kf6 50.Nh3  1-0

[Event "1st Balagne GM"]
[Site "Calvi FRA"]
[Date "2012.04.03"]
[Round "2.4"]
[White "Malakhatko,V"]
[Black "Siebrecht,S"]
[Result "1/2-1/2"]
[WhiteElo "2532"]
[BlackElo "2463"]

1.c4 Nf6 2.Nc3 g6 3.Nf3 Bg7 4.e4 d6 5.d4 O-O 6.Be2 e5 7.O-O Nc6 8.d5 Ne7
9.b4 a5 10.Ba3 axb4 11.Bxb4 Nd7 12.a4 h6 13.a5 f5 14.Nd2 Rf7 15.Nb3 Nf6 16.f3 g5
17.c5 Ng6 18.cxd6 cxd6 19.Nd2 Bf8 20.Nc4 Nf4 21.Nb6 Rb8 22.Bd3 fxe4 23.fxe4 h5
24.Rc1 h4 25.Nb5 Bg4 26.Qd2 N6h5 27.Bc4 Qf6 28.Qe3 Qg6 29.Rc2 Be7 30.h3 Bc8
31.Na7 Bxh3 32.gxh3 Ng3 33.Nac8 Bf8 34.Kh2 Rc7 35.Rff2 Rbxc8 36.Nxc8 Rxc8
37.Bb3 Rxc2 38.Bxc2 g4 39.Rxf4 exf4 40.Qxf4 gxh3 41.Kxh3 Ne2 42.Qg4 Ng1+
43.Kxh4 Be7+ 44.Kg3 Ne2+ 45.Kh3 Ng1+ 46.Kg3 Ne2+ 47.Kh3 Ng1+ 48.Kg3 Ne2+  1/2-1/2

[Event "European Senior Teams 2012"]
[Site "Rogaska Slatina SLO"]
[Date "2012.04.03"]
[Round "8.7"]
[White "Sloth,J"]
[Black "Watzka,H"]
[Result "1/2-1/2"]
[WhiteElo "2351"]
[BlackElo "2253"]

1.Nf3 Nf6 2.c4 g6 3.Nc3 Bg7 4.e4 d6 5.d4 O-O 6.Be2 e5 7.O-O Nc6 8.d5 Ne7
9.Ne1 Nd7 10.f3 f5 11.g4 Kh8 12.Ng2 Ng8 13.Be3 Ndf6 14.h3 Ne8 15.Qd2 Bf6
16.exf5 gxf5 17.f4 exf4 18.Bxf4 Bg7 19.g5 Ne7 20.Bh5 Be5 21.Bxe5+ dxe5 22.Qe3 Ng7
23.Qxe5 Qd6 24.Qxd6 cxd6 25.Nf4 Bd7 26.Rae1 Ng8 27.h4 Nxh5 28.Nxh5 Rac8 29.Rf4 a6
30.Kf2 b5 31.cxb5 axb5 32.Rb4 Rfe8 33.Re3 Re5 34.Nf4 Ne7 35.h5 Rg8 36.Rg3 Kg7
37.Rd4 Nc8 38.Nd3 Re7 39.Re3 Kf7 40.Rxe7+ Kxe7  1/2-1/2

[Event "European Senior Teams 2012"]
[Site "Rogaska Slatina SLO"]
[Date "2012.04.03"]
[Round "8.12"]
[White "Van Dongen,R"]
[Black "Muratoglu,S"]
[Result "0-1"]
[WhiteElo "1968"]
[BlackElo "2055"]

1.d4 Nf6 2.c4 g6 3.Nc3 Bg7 4.e4 d6 5.Nf3 O-O 6.Be2 Nc6 7.O-O e5 8.dxe5 dxe5
9.Qxd8 Rxd8 10.Bg5 Re8 11.Nd5 Nxd5 12.cxd5 Nd4 13.Nxd4 exd4 14.f3 c6 15.Bc4 b5
16.Bd3 Bd7 17.dxc6 Bxc6 18.Rac1 Re6 19.Rc2 a6 20.Rfc1 Be8 21.Rc8 Rxc8 22.Rxc8 Kf8
23.Kf2 h6 24.Bd2 Ke7 25.Ba5 Be5 26.g3 g5 27.Bd2 Bc6 28.f4 gxf4 29.gxf4 Bb7
30.Rc1 Bb8 31.f5 Rb6 32.h4 Be5 33.Bb4+ Kd7 34.Kf3 h5 35.Bd2 Rf6 36.Kf2 Rb6
37.Kf3 Bc6 38.Rg1 Rb8 39.Bf4 Kd6 40.Rg5 Rh8 41.f6 Bxf4 42.Kxf4 Bd7 43.e5+ Kd5
44.Be2 Be6 45.Rxh5 Rc8 46.Bd1 Kc5 47.Rg5 d3 48.Ke3 Rd8 49.h5 d2 50.Rg2 Rd5
51.Rg5 Kc4 52.h6 Rd3+ 53.Ke2 Kd4 54.h7 Rh3 55.Kxd2 Rxh7 56.Bb3 Rh2+ 57.Kc1 Bxb3
58.axb3 Kd5 59.Kd1 Rxb2 60.Rg3 Kxe5 61.Rf3 Rg2 62.b4 Rg4 63.Ra3 Rxb4 64.Rxa6 Rf4  0-1

[Event "Semana Santa LAB Open"]
[Site "Bogota COL"]
[Date "2012.04.04"]
[Round "2"]
[White "Ramirez,Hei"]
[Black "Ramirez,Ca COL"]
[Result "0-1"]
[WhiteElo "2089"]
[BlackElo "2314"]

1.d4 Nf6 2.c4 g6 3.Nc3 Bg7 4.e4 d6 5.Be2 O-O 6.Nf3 e5 7.O-O Nc6 8.d5 Ne7
9.b4 Nh5 10.Re1 f5 11.Ng5 Nf6 12.Bf3 h6 13.Ne6 Bxe6 14.dxe6 c6 15.Be3 Ne8
16.b5 Nc7 17.Qb3 Kh8 18.c5 d5 19.b6 axb6 20.cxb6 Nxe6 21.exd5 Nd4 22.Bxd4 exd4
23.dxc6 Nxc6 24.Nd5 Qd6 25.Nc7 Ra3 26.Qe6 Qc5 27.Bxc6 Qxc6 28.Qxc6 bxc6 29.b7 Rb8
30.Rab1 d3 31.Red1 c5 32.Nb5 Rxa2 33.Nd6 Bd4 34.Rxd3 Ra6 35.Nc4 Rxb7 36.Re1 Ra2
37.Rf1 Rb4 38.Nd6 Ra6 39.Ne8 Rb7 40.Re1 Re7  0-1

[Event "1st Balagne GM"]
[Site "Calvi FRA"]
[Date "2012.04.04"]
[Round "5.5"]
[White "Bruno,Fabi"]
[Black "Cossin,S"]
[Result "1/2-1/2"]
[WhiteElo "2435"]
[BlackElo "2505"]

1.d4 Nf6 2.Nf3 g6 3.c4 Bg7 4.Nc3 O-O 5.e4 d6 6.Be2 e5 7.O-O Nc6 8.d5 Ne7
9.Bd2 Nh5 10.Re1 h6 11.Bd3 c5 12.h3 a6 13.Rb1 f5 14.exf5 Nxf5 15.b4 Nf4 16.Bxf4 exf4
17.Ne4 b6 18.bxc5 bxc5 19.Ned2 Qa5 20.Qc2 Ra7 21.h4 Bd7 22.h5 g5 23.Re6 Bxe6
24.dxe6 Nd4 25.Nxd4 Bxd4 26.Bg6 Qc7 27.Bf7+ Rxf7 28.Qg6+ Rg7 29.e7 Qxe7 30.Rb8+ Qf8
31.Qe6+ Raf7 32.Rxf8+ Kxf8 33.Ne4 Re7 34.Qxd6 Kg8 35.Qd5+ Kh8 36.Nxc5 Re1+
37.Kh2 Bxf2 38.Qd8+ Kh7 39.Qd3+ Kh8 40.Qd8+ Kh7 41.Qd3+ Kh8 42.Qd8+  1/2-1/2

[Event "35th San Sebastian Open"]
[Site "Donostia ESP"]
[Date "2012.04.04"]
[Round "6"]
[White "Stigar,P"]
[Black "Urkedal,F"]
[Result "0-1"]
[WhiteElo "2310"]
[BlackElo "2460"]

1.Nf3 Nf6 2.c4 g6 3.Nc3 Bg7 4.e4 d6 5.d4 O-O 6.Be2 e5 7.O-O Nc6 8.Be3 Ng4
9.Bg5 f6 10.Bc1 exd4 11.Nxd4 Nxd4 12.Qxd4 f5 13.Qd5+ Kh8 14.Bxg4 fxg4 15.Bg5 Qe8
16.Qd2 Qe5 17.Rac1 Be6 18.b3 Rf7 19.Rfe1 Raf8 20.Re2 a6 21.Qe3 b5 22.cxb5 axb5
23.Rec2 Bd7 24.Nd5 c6 25.Nb4 c5 26.Nd5 Bc6 27.Rd2 Re8 28.Re1 Qe6 29.Ree2 Kg8
30.Qd3 Qe5 31.Bh4 c4 32.Qc2 g5 33.Bg3 Qe6 34.bxc4 bxc4 35.Qxc4 Rb7 36.f3 Bb5
37.Qb3 Ba6 38.Qa4 Bxe2 39.Rxe2 Rb1+ 40.Kf2 Rf8  0-1

[Event "European Senior Teams 2012"]
[Site "Rogaska Slatina SLO"]
[Date "2012.04.04"]
[Round "9.13"]
[White "Biller,H"]
[Black "Gustavsson,S"]
[Result "0-1"]
[WhiteElo "2103"]
[BlackElo "2018"]

1.d4 Nf6 2.c4 g6 3.Nc3 Bg7 4.Nf3 O-O 5.e4 d6 6.Be2 e5 7.O-O Nc6 8.d5 Ne7
9.Ne1 Nd7 10.Be3 f5 11.f3 f4 12.Bf2 g5 13.Nd3 Nf6 14.c5 Ng6 15.cxd6 cxd6
16.a4 h5 17.a5 Ne8 18.Nb5 Bd7 19.Qb3 g4 20.Nxa7 g3 21.Bb6 Qh4 22.h3 Bxh3
23.gxh3 Qxh3 24.Rfe1 Qh2+ 25.Kf1 g2+  0-1

[Event "Cebanenco Mem IM 2012"]
[Site "Kishinev MDA"]
[Date "2012.04.06"]
[Round "5"]
[White "Grinev,V"]
[Black "Chircu,V"]
[Result "1-0"]
[WhiteElo "2404"]
[BlackElo "2190"]

1.d4 Nf6 2.c4 g6 3.Nc3 Bg7 4.e4 d6 5.Nf3 O-O 6.Be2 e5 7.O-O Nc6 8.d5 Ne7
9.b4 Nh5 10.g3 f5 11.Ng5 Nf6 12.Bf3 c6 13.Ba3 cxd5 14.exd5 e4 15.Be2 h6 16.Ne6 Bxe6
17.dxe6 d5 18.cxd5 Nfxd5 19.Nxd5 Qxd5 20.Qxd5 Nxd5 21.Bc4 Nb6 22.Bb3 Bxa1
23.e7+ Rf7 24.Rxa1 Re8 25.b5 Nc8 26.Rd1 Nxe7 27.Rd7 Kf8 28.Bxf7 Kxf7 29.Rxb7 Kf6
30.Rxa7 Nd5 31.Bb2+ Kg5 32.Rd7 Nb6 33.Bc1+ Kh5 34.Rh7 g5 35.h4 Kg6 36.Rb7 Nd5
37.hxg5 hxg5 38.Rd7 Nc3 39.Bb2 Nxa2 40.b6 Nb4 41.b7 f4 42.Be5  1-0

[Event "16th Neckar Open"]
[Site "Deizisau GER"]
[Date "2012.04.07"]
[Round "5.2"]
[White "Bischoff,K"]
[Black "Rapport,R"]
[Result "1/2-1/2"]
[WhiteElo "2521"]
[BlackElo "2559"]

1.c4 g6 2.d4 Nf6 3.Nf3 Bg7 4.Nc3 O-O 5.e4 d6 6.Be2 e5 7.O-O Nc6 8.d5 Ne7
9.Ne1 Ne8 10.Nd3 f5 11.f3 f4 12.Bd2 g5 13.c5 Ng6 14.cxd6 cxd6 15.Nf2 h5 16.a4 Rf7
17.h3 Bf8 18.Ra3 Rg7 19.a5 Nh8 20.Kh2 Nf6 21.Rh1 Nf7 22.Kg1 Nh6 23.Kf1 Rg6
24.Nb5 a6 25.Nc3 g4 26.hxg4 hxg4 27.Na4 gxf3 28.gxf3 Bd7 29.Nb6 Rb8 30.Nxd7 Qxd7
31.Ke1 Qg7 32.Bf1 Be7 33.Ke2 Ne8 34.Qe1 Nc7  1/2-1/2

[Event "Karposh Open 2012"]
[Site "Skopje MKD"]
[Date "2012.04.08"]
[Round "3.1"]
[White "Berkes,F"]
[Black "Djukic,Ni"]
[Result "1-0"]
[WhiteElo "2682"]
[BlackElo "2513"]

1.d4 Nf6 2.c4 g6 3.Nc3 Bg7 4.e4 d6 5.Nf3 O-O 6.Be2 e5 7.O-O Nc6 8.d5 Ne7
9.Nd2 a5 10.a3 Bd7 11.b3 c6 12.Ra2 Qb6 13.Rc2 c5 14.Rb2 Rfb8 15.b4 axb4 16.axb4 cxb4
17.Qb3 Bh6 18.Qxb4 Qxb4 19.Rxb4 Ne8 20.Rb2 b6 21.Nb3 Bxc1 22.Rxc1 Nc7 23.Kf1 Ra3
24.Ke1 Kf8 25.Kd2 Na6 26.Rcb1 Ra8 27.g3 Nc8 28.f4 f6 29.h4 Ke7 30.h5 g5 31.h6 Nc5
32.Nxc5 dxc5 33.Kd3 Ra1 34.Bh5 Rxb1 35.Rxb1 Kd8 36.fxe5 fxe5 37.Rf1 Ra3 38.Rf8+ Kc7
39.Rf7 Nd6 40.Rxh7  1-0

[Event "Karposh Open 2012"]
[Site "Skopje MKD"]
[Date "2012.04.14"]
[Round "9.3"]
[White "Ivanisevic,I"]
[Black "Nevednichy,V"]
[Result "1/2-1/2"]
[WhiteElo "2645"]
[BlackElo "2562"]

1.d4 d6 2.Nf3 g6 3.c4 Bg7 4.Nc3 Nf6 5.e4 O-O 6.Be2 e5 7.O-O Nc6 8.d5 Ne7
9.Kh1 Kh8 10.Ne1 Nd7 11.Nd3 f5 12.f4 a6 13.fxe5 Nxe5 14.Nxe5 Bxe5 15.Bg5 Qe8
16.Qd2 Ng8 17.Bf4 Bd7 18.Bd3 Bxf4  1/2-1/2

[Event "Belgrade Cup Final 2012"]
[Site "Belgrade SRB"]
[Date "2012.04.18"]
[Round "1.6"]
[White "Dunjic,D"]
[Black "Ilic,SloR"]
[Result "1/2-1/2"]
[WhiteElo "2140"]
[BlackElo "2069"]

1.d4 Nf6 2.c4 g6 3.Nc3 Bg7 4.Nf3 O-O 5.e4 d6 6.Be2 e5 7.O-O Nc6 8.d5 Ne7
9.Ne1 Nd7 10.f3 f5  1/2-1/2

[Event "TCh-CZE Extraliga 2011-12"]
[Site "Czech Republic CZE"]
[Date "2012.04.22"]
[Round "11.1"]
[White "Michalik,P"]
[Black "Zvara,P"]
[Result "1/2-1/2"]
[WhiteElo "2511"]
[BlackElo "2388"]

1.d4 Nf6 2.Nf3 g6 3.c4 Bg7 4.Nc3 O-O 5.e4 d6 6.Be2 e5 7.O-O Nc6 8.dxe5 dxe5
9.Bg5 Qxd1 10.Rfxd1 Bg4 11.h3 Bxf3 12.Bxf3 Nd4 13.Nd5 Nxd5 14.cxd5 f5 15.Kf1 Rf7
16.Rac1 Bf8 17.Be3 Nxf3 18.gxf3 Bd6 19.Rd3 a5 20.Rb3 b6 21.Rc6 Rd8 22.Rbc3 Kf8
23.Rc1 Ke8 24.Ke2 Kd7 25.h4 Rdf8 26.h5 g5 27.h6 Rg8 28.Rg1 f4 29.Bd2 Rg6
30.Rh1 g4 31.fxg4 Rxg4 32.Kf3 Rg5 33.Rcc1 Rf6 34.Bc3 Rfg6 35.Rh2 Ke7 36.Rch1 Kf7
37.a4 Kf6 38.Rh4 Kf7 39.R1h2 Rg1 40.Rh5 R6g5 41.Rxg5 Rxg5 42.Rg2 Rxg2 43.Kxg2 Kf6
44.Kh3 Kg5 45.f3 Kxh6 46.Be1 Be7 47.Bc3 Bd6  1/2-1/2

[Event "Frauenbundesliga 2011-12"]
[Site "Germany GER"]
[Date "2012.04.22"]
[Round "10.1"]
[White "Schleining,Z"]
[Black "Paehtz,E"]
[Result "1-0"]
[WhiteElo "2326"]
[BlackElo "2461"]

1.Nf3 g6 2.d4 Bg7 3.c4 d6 4.Nc3 Nf6 5.e4 O-O 6.Be2 e5 7.O-O Nc6 8.d5 Ne7
9.b4 Nh5 10.Re1 h6 11.c5 f5 12.cxd6 cxd6 13.a4 Kh8 14.b5 fxe4 15.Nxe4 Bf5
16.Bf1 Bg4 17.Ra3 Nf4 18.h3 Bf5 19.Bxf4 exf4 20.Nd4 Qb6 21.Rd3 Rad8 22.Nxf5 Nxf5
23.Qg4 Qa5 24.Rdd1 Kh7 25.Bd3 Rde8 26.h4 Re5 27.h5 gxh5 28.Qxh5 Kh8 29.Qg6 Rxd5
30.Nf6 Bxf6 31.Bxf5 Rxf5 32.Qxf5 Bg7 33.Qg6 Qxa4 34.Rxd6 Qxb5 35.Re7 Qb2
36.Rdd7 Qa1+ 37.Kh2 Rg8 38.Qxh6+  1-0

[Event "Frauenbundesliga 2011-12"]
[Site "Germany GER"]
[Date "2012.04.22"]
[Round "11.5"]
[White "Schlein,J"]
[Black "Heyme,S"]
[Result "1/2-1/2"]
[WhiteElo "2157"]
[BlackElo "2110"]

1.d4 Nf6 2.c4 g6 3.Nc3 Bg7 4.e4 d6 5.Nf3 O-O 6.Be2 Nc6 7.O-O e5 8.d5 Ne7
9.Ne1 Ne8 10.Nd3 f5 11.f3 f4 12.c5 Kh8 13.b4 Ng8 14.a4 Qh4 15.Ba3 g5 16.Rc1 Rf6
17.Qe1 Qh5 18.Rf2 Rh6 19.h3 Ngf6 20.Bd1 g4 21.fxg4 Bxg4 22.Bf3 Bxf3 23.Rxf3 Rg6
24.Qe2 h6 25.Ne1 Nh7 26.Rd3 Qxe2 27.Nxe2 Nef6 28.Rc4 Ng5 29.Nc3 f3 30.Kf1 fxg2+
31.Nxg2 Nh5 32.Nh4 Rf6+ 33.Kg1 Nf4 34.Rg3 Nfxh3+ 35.Kh2 Rf2+ 36.Rg2 Rxg2+
37.Kxg2 Nf4+ 38.Kg3 Nh5+ 39.Kg4 Nf6+ 40.Kg3 Kh7 41.Bc1 dxc5 42.bxc5 Nf7 43.Nf5 a6
44.Kf3 Bf8 45.Ne2 Kg6 46.Neg3 Rb8 47.a5 Ng5+  1/2-1/2

[Event "10th Nabokov Mem GM"]
[Site "Kiev UKR"]
[Date "2012.04.23"]
[Round "6.2"]
[White "Grinev,V"]
[Black "Nyzhnyk,I"]
[Result "1/2-1/2"]
[WhiteElo "2404"]
[BlackElo "2585"]

1.d4 Nf6 2.c4 g6 3.Nc3 Bg7 4.e4 d6 5.Nf3 O-O 6.Be2 e5 7.O-O Nc6 8.d5 Ne7
9.b4 c6 10.dxc6 Nxc6 11.a3 Be6 12.Bb2 Rc8 13.Rc1 a6 14.Bd3 Bh6 15.Rb1 Ne7
16.Nd5 Nexd5 17.exd5 Bd7 18.c5 Bg7 19.cxd6 e4 20.Bxf6 Qxf6 21.Bxe4 Rfe8 22.Nd2 Qxd6
23.Bf3 Bf5 24.Rc1 Rxc1 25.Qxc1 Rc8 26.Ne4 Qe5 27.Qe3 Bxe4 28.Qxe4 Qd6 29.Rd1 Bb2
30.Qe3 Be5 31.g3 Rc3 32.Rd3 Rxd3 33.Qxd3 Qc7 34.d6 Bxd6 35.Bxb7 Bxb4 36.Bxa6  1/2-1/2

[Event "3rd LUC Open"]
[Site "Lille FRA"]
[Date "2012.04.24"]
[Round "2.9"]
[White "Piasetski,L"]
[Black "Gozzoli,Y"]
[Result "0-1"]
[WhiteElo "2287"]
[BlackElo "2549"]

1.c4 Nf6 2.Nf3 g6 3.Nc3 Bg7 4.e4 d6 5.d4 O-O 6.Be2 e5 7.O-O Nc6 8.d5 Ne7
9.Nd2 Nd7 10.b4 f5 11.c5 Nf6 12.f3 f4 13.Nc4 g5 14.g4 h5 15.h3 Ng6 16.Bd2 Rf7
17.Be1 Bf8 18.c6 Rh7 19.cxb7 Bxb7 20.Na5 Bc8 21.Nc6 Qd7 22.Kg2 hxg4 23.hxg4 Nh5
24.Rh1 Ng3 25.Bxg3 fxg3 26.Qd2 Nf4+ 27.Kxg3 Rh4 28.Raf1 Qh7 29.Qd1 Bxg4 30.Kf2 Bd7
31.Bb5 a6 32.Ba4 Bh6 33.Ke3 Bh3 34.Ne2 g4 35.Rfg1 Ng2+ 36.Kd3 gxf3 37.Ng3 Rf8
38.Kc3 Kh8 39.Qd3 f2 40.Rf1 Ne3  0-1

[Event "3rd LUC Open"]
[Site "Lille FRA"]
[Date "2012.04.25"]
[Round "3.5"]
[White "Arizmendi Martinez,J"]
[Black "Migot,T"]
[Result "1/2-1/2"]
[WhiteElo "2568"]
[BlackElo "2268"]

1.Nf3 Nf6 2.c4 g6 3.Nc3 Bg7 4.e4 d6 5.d4 O-O 6.Be2 e5 7.O-O Nc6 8.d5 Ne7
9.Ne1 Nd7 10.f3 f5 11.g4 Kh8 12.h4 Ng8 13.g5 f4 14.Kg2 Rf7 15.Nd3 Bf8 16.Rh1 h6
17.Qg1 Rh7 18.Kf1 Be7 19.Nxf4 exf4 20.Bxf4 Rf7 21.Be3 h5 22.Ke1 Ne5 23.Qg3 Bf8
24.Kd2 Bg7 25.Raf1 c5 26.Kc2 a6 27.f4 Ng4 28.Bd2 Qe7 29.Bd3 Bd7 30.f5  1/2-1/2

[Event "Historical Melaka Op"]
[Site "Melaka MAS"]
[Date "2012.04.25"]
[Round "4"]
[White "Arun Prasad,S"]
[Black "Djuraev,S"]
[Result "1/2-1/2"]
[WhiteElo "2517"]
[BlackElo "2377"]

1.d4 Nf6 2.c4 g6 3.Nc3 Bg7 4.e4 d6 5.Nf3 O-O 6.Be2 e5 7.O-O Nc6 8.d5 Ne7
9.b4 Nh5 10.g3 h6 11.Nd2 Nf6 12.c5 Ne8 13.Nc4 f5 14.a4 fxe4 15.cxd6 cxd6
16.Nxe4 Nf5 17.Bb2 Nf6 18.Nxf6+ Bxf6 19.Bd3 Ne7 20.b5 Bf5 21.Bxf5 Nxf5 22.Nd2 Qd7
23.Ne4 Bd8 24.Qg4 Kh7 25.Rfd1 Rf7 26.h4 h5 27.Qe2 Kg8 28.Ra3 Bb6 29.Kg2 Raf8
30.Rd2 Nxh4+ 31.gxh4 Rxf2+ 32.Nxf2 Rxf2+ 33.Qxf2 Bxf2 34.Rxf2 Qg4+ 35.Kh2 Qxh4+
36.Kg1 Qg4+ 37.Rg2 Qd1+ 38.Kh2 Qxd5 39.Rag3 Qe4 40.Rxg6+ Kf7 41.Rxd6 Qh4+
42.Kg1 Qe1+ 43.Kh2 Qh4+  1/2-1/2

[Event "3rd LUC Open"]
[Site "Lille FRA"]
[Date "2012.04.27"]
[Round "6.6"]
[White "Gozzoli,Y"]
[Black "Guilleux,F"]
[Result "1/2-1/2"]
[WhiteElo "2549"]
[BlackElo "2447"]

1.d4 Nf6 2.c4 g6 3.Nc3 Bg7 4.e4 d6 5.Nf3 O-O 6.Be2 e5 7.O-O Nc6 8.d5 Ne7
9.b4 a5 10.Ba3 axb4 11.Bxb4 b6 12.a4 Ne8 13.Nb5 Bh6 14.Bd2 Bxd2 15.Nxd2 Nf6
16.Ra3 Nd7 17.Qa1 Ba6 18.g3 Nc5 19.f4 exf4 20.gxf4  1/2-1/2

[Event "Topalov Vienna Clock Simul"]
[Site "Vienna AUT"]
[Date "2012.04.27"]
[Round "1"]
[White "Huber,Mart AUT"]
[Black "Topalov,V"]
[Result "1-0"]
[WhiteElo "2150"]
[BlackElo "2752"]

1.d4 Nf6 2.c4 g6 3.Nc3 Bg7 4.e4 d6 5.Nf3 O-O 6.Be2 e5 7.O-O Nc6 8.d5 Ne7
9.Ne1 Nd7 10.Nd3 f5 11.f3 Kh8 12.Be3 Ng8 13.Qd2 Ndf6 14.c5 f4 15.Bf2 g5 16.Nb5 a6
17.Qa5 dxc5 18.Nxc7 Ne8 19.d6 Rb8 20.Bxc5 b6 21.Bxb6 Nxd6 22.Nb4 g4 23.fxg4 Qg5
24.Nc6 Bxg4 25.Bd3 Rbc8 26.Qd5 Nf7 27.Bxa6 Nf6 28.Qd3 Rb8 29.Nxb8 Rxb8 30.Bf2 Rxb2
31.Rfb1 Rxb1+ 32.Rxb1 h5 33.Bc4 Qg6 34.Ne6 f3 35.Nxg7 Kxg7 36.Rb7 Be6 37.g3 Bxc4
38.Qxc4 h4 39.Qb3 Nxe4 40.Qxf3 Ng5 41.Qg4 e4 42.Bd4+  1-0

[Event "Topalov Vienna Clock Simul"]
[Site "Vienna AUT"]
[Date "2012.04.27"]
[Round "1"]
[White "Topalov,V"]
[Black "Rapport,R"]
[Result "0-1"]
[WhiteElo "2752"]
[BlackElo "2559"]

1.d4 Nf6 2.c4 g6 3.Nc3 Bg7 4.e4 d6 5.Nf3 O-O 6.Be2 e5 7.O-O Nc6 8.d5 Ne7
9.Ne1 Ne8 10.Be3 f5 11.f3 f4 12.Bf2 h5 13.c5 g5 14.a4 Ng6 15.a5 Bh6 16.Nb5 a6
17.Na3 Rf7 18.Nc4 Rg7 19.cxd6 Nxd6 20.Ra3 Nxc4 21.Bxc4 g4 22.fxg4 hxg4 23.g3 Kh7
24.Nd3 Qg5 25.Nc5 Qh5 26.Qc2 Bg5 27.Rd1 Be7 28.b4 Bd6 29.Bf1 Bd7 30.Nxb7 Bxb4
31.Ra2 Nh4 32.gxh4 g3 33.hxg3 fxg3 34.Be3 Rf8 35.Qb3 Rf2 36.Rxf2 gxf2+ 37.Kxf2 Qxh4+
38.Ke2 Bb5+ 39.Rd3  0-1

[Event "ch-SRB 2012"]
[Site "Vrnjacka Banja SRB"]
[Date "2012.04.27"]
[Round "5"]
[White "Indjic,A"]
[Black "Popovic,Du"]
[Result "0-1"]
[WhiteElo "2430"]
[BlackElo "2561"]

1.d4 Nf6 2.c4 g6 3.Nc3 Bg7 4.e4 d6 5.Be2 O-O 6.Nf3 e5 7.O-O Nc6 8.dxe5 Nxe5
9.Nd4 Re8 10.f3 c6 11.Kh1 a6 12.a4 a5 13.b3 Qe7 14.Ba3 Ned7 15.Ndb5 cxb5
16.Bxd6 Qd8 17.Nxb5 Re6 18.c5 Ne8 19.Ra2 Nxd6 20.cxd6 Re5 21.Rd2 Nc5 22.Bc4 Bd7
23.Rd5 Ne6 24.Rd2 Qh4 25.g3 Qh3 26.Bd5 Bc6 27.Nc7 Rd8 28.Nxe6 fxe6 29.Bxc6 bxc6
30.Re1 Rh5 31.Rg1 Rxd6 32.Qe2 Rxd2 33.Qxd2 Bf8 34.Rg2 Rc5 35.f4 Qh6 36.Rf2 Qg7
37.Kg2 Qe7 38.Qd3 Qd6 39.Qe3 Qd1 40.Rd2 Rc2  0-1

[Event "TCh-AUT 2 Mitte 2011-12"]
[Site "Fuerstenfeld AUT"]
[Date "2012.04.28"]
[Round "10"]
[White "Genser,H"]
[Black "Postl,A"]
[Result "1-0"]
[WhiteElo "2291"]
[BlackElo "2270"]

1.d4 Nf6 2.c4 g6 3.Nc3 Bg7 4.e4 d6 5.Nf3 O-O 6.Be2 e5 7.O-O Nc6 8.d5 Ne7
9.Ne1 Nd7 10.Nd3 f5 11.f3 f4 12.Bd2 g5 13.Rc1 Ng6 14.c5 Nf6 15.Nb5 Rf7 16.Ba5 b6
17.cxd6 bxa5 18.dxc7 Qf8 19.Nc5 a6 20.Ne6 Qe7 21.Nxg5 axb5 22.Nxf7 Kxf7 23.Bxb5 Qb4
24.Bc6 Ra7 25.d6 Qd4+ 26.Kh1 Qxd1 27.Rfxd1 Ke6 28.d7  1-0

[Event "TCh-AUT 2 Mitte 2011-12"]
[Site "Fuerstenfeld AUT"]
[Date "2012.04.29"]
[Round "11"]
[White "Sandhoefner,F"]
[Black "Ertl,J"]
[Result "1-0"]
[WhiteElo "2201"]
[BlackElo "2274"]

1.d4 Nf6 2.c4 g6 3.Nc3 Bg7 4.e4 d6 5.Nf3 O-O 6.Be2 e5 7.O-O Nc6 8.d5 Ne7
9.Ne1 Ne8 10.Be3 f5 11.f3 f4 12.Bf2 h5 13.a4 g5 14.a5 Kh8 15.c5 Ng8 16.cxd6 Nxd6
17.Nd3 Nh6 18.Nc5 Rf6 19.Qb3 Rg6 20.Nb5 g4 21.Nxd6 cxd6 22.Ne6 Qe7 23.Bc4 Nf7
24.fxg4 hxg4 25.g3 Bxe6 26.dxe6 Ng5 27.Bd5 Rh6 28.h4 Nf3+ 29.Kg2 fxg3 30.Bxg3 Rb8
31.Rh1 Rh7 32.Bf2 Bf6 33.Bxa7 Rf8 34.h5 Nh4+ 35.Kg1 Nf3+ 36.Kg2 Nh4+ 37.Kg1 Bg5
38.Rf1 Nf3+ 39.Kg2 Nh4+ 40.Kg1 Rxf1+ 41.Kxf1 Qf6+ 42.Ke2 Qf4 43.Qe3 Rc7 44.Qxf4 exf4
45.Bd4+ Kh7 46.e5 dxe5 47.Bxe5 f3+ 48.Kd3 Rc5 49.Be4+ Kg8 50.Bd4 Rxa5 51.h6 Bxh6
52.Rxh4 Bg5 53.Rh8+  1-0

[Event "Historical Melaka Op"]
[Site "Melaka MAS"]
[Date "2012.04.30"]
[Round "9"]
[White "Laxman,R"]
[Black "Karthikeyan,P2"]
[Result "1/2-1/2"]
[WhiteElo "2415"]
[BlackElo "2414"]

1.Nf3 Nf6 2.c4 g6 3.Nc3 Bg7 4.e4 d6 5.d4 O-O 6.Be2 e5 7.O-O Nc6 8.d5 Ne7
9.b4 Ne8 10.a4 f5 11.a5  1/2-1/2

[Event "Norsk Sjakkfestival"]
[Site "Fagernes NOR"]
[Date "2012.05.01"]
[Round "5"]
[White "Haugli,P"]
[Black "Gandrud,V"]
[Result "1/2-1/2"]
[WhiteElo "2303"]
[BlackElo "2200"]

1.d4 Nf6 2.c4 g6 3.Nc3 Bg7 4.e4 d6 5.Nf3 O-O 6.Be2 e5 7.O-O Nc6 8.d5 Ne7
9.Ne1 Nd7 10.Be3 f5 11.f3 f4 12.Bf2 g5 13.g4 fxg3 14.hxg3 Ng6 15.Ng2 Nf6
16.Ne3 Bh3 17.Re1 Bd7 18.Nf5 h5 19.Be3 g4 20.fxg4 hxg4 21.Bxg4 Qc8 22.Rf1 Nxe4
23.Nxe4 Bxf5 24.Rxf5 Rxf5 25.Bh3 Qf8 26.Qg4 Ne7 27.Bg5 Rf7 28.Bxe7 Qxe7 29.Ng5 Rf6
30.Qe4 Bh6 31.Be6+ Kh8 32.Qh4 Kg7 33.Ne4 Rxe6 34.dxe6 Qxh4 35.gxh4 Re8 36.Kf2 Rxe6
37.Rg1+ Rg6 38.Rxg6+ Kxg6 39.Kf3 Kf5 40.Ng3+ Ke6 41.Kg4 c6 42.Nf5 Bc1 43.b3 d5
44.h5 dxc4 45.bxc4 a5 46.h6 Bxh6 47.Nxh6 Kd6 48.Nf7+ Kc5 49.Nxe5 Kb4 50.Kf4 b5
51.Nxc6+ Kxc4 52.Nxa5+ Kb4 53.Nc6+  1/2-1/2

[Event "Norsk Sjakkfestival"]
[Site "Fagernes NOR"]
[Date "2012.05.02"]
[Round "6"]
[White "Del Rio de Angelis,S"]
[Black "Stets,D"]
[Result "1-0"]
[WhiteElo "2533"]
[BlackElo "2468"]

1.d4 Nf6 2.c4 g6 3.Nc3 Bg7 4.e4 d6 5.Nf3 O-O 6.Be2 e5 7.O-O Nc6 8.d5 Ne7
9.Ne1 Nd7 10.Be3 f5 11.f3 f4 12.Bf2 g5 13.Nd3 Nf6 14.c5 Ng6 15.Rc1 Rf7 16.Nb5 g4
17.fxg4 Nxe4 18.Bf3 Ng5 19.Nc3 Bf6 20.Be1 Qf8 21.cxd6 cxd6 22.Nf2 Bd7 23.Nfe4 Nxf3+
24.gxf3 Bh4 25.Bxh4 Nxh4 26.Qe1 Ng6 27.Qf2 Qe7 28.a4 Rff8 29.Nb5 Bxb5 30.axb5 Rfd8
31.Rc3 Kg7 32.Rfc1 Rd7 33.g5 b6 34.Nf6 Rb7 35.Rc8 Rxc8 36.Rxc8 h6 37.Qc2 e4
38.Rg8+ Kf7 39.Qc8 Rc7 40.Rg7+  1-0